000 00742cam a22002534a 4500
008
020 _a027365148X (pbk.)
049 _aMAIN
090 _aHG4026
_bARN
100 1 _aArnold, Glen.
245 1 0 _aCorporate financial management /
_cGlen Arnold.
260 _aNew York :
_bFinancial Times, Prentice Hall,
_c1998.
300 _axxi, 1050 p. :
_bill. ;
_c25 cm.
504 _aIncludes bibliographical references.
500 _aIncudes index.
650 0 _aCorporate financial management.
650 0 _aCorporation Finance.
650 _aFinance.
907 _a.b10214902
_b09-05-13
_c20-09-06
003
005 20230123134414.0
040 _cNUST
942 _cBOOKS
_kHG4026
_mARN
999 _c165343
_d165343